five seconds flat all songs - Statistics

General Stats
  • This quiz has been taken 11 times
  • The average score is 9 of 14
Answer Stats
Number Song Title % Correct
Song 1 doomsday
100%
Song 5 all my ghosts
75%
Song 8 ceilings
75%
Song 13 chemtrails
75%
Song 11 hate to be lame
75%
Song 14 orange show speedway
75%
Song 6 reckless driving
75%
Song 7 weird
75%
Song 9 what a shame
75%
Song 3 erase me
50%
Song 12 nobody likes a secret
50%
Song 4 called you again
25%
Song 10 firearm
25%
Song 2 an ego thing
0%
No matching quizzes found
Score Distribution
Percent of People with Each Score
Percentile by Number Answered
Your Score History
You have not taken this quiz